Normal view
MARC view
Entry Personal Name
001 - CONTROL NUMBER
- control field: 58311
003 - CONTROL NUMBER IDENTIFIER
- control field: OSt
005 - DATE AND TIME OF LATEST TRANSACTION
- control field: 20160519165727.0
008 - FIXED-LENGTH DATA ELEMENTS
- fixed length control field: 160519|| aca||aabn | a|a d
040 ## - CATALOGING SOURCE
- Original cataloging agency: OSt
- Transcribing agency: OSt
100 ## - HEADING--PERSONAL NAME
- Personal name: डॉ बाली, इन्दु
670 ## - SOURCE DATA FOUND
- Source citation: Work cat.: (OSt)46722: डॉ बाली, इन्दु, शिव नेत्र तथा अन्य श्रेष्ठ कहानियां, 2011









